რჩეული თხზულებანი 4 ტომად. ტ.4 (ბიბ.ჩანაწერი № 48404)
[ მარტივი ფორმატი ]
| 000 -LEADER | |
|---|---|
| fixed length control field | 00559nam a2200157Ia 4500 |
| 001 - CONTROL NUMBER | |
| control field | 15296 |
| 003 - CONTROL NUMBER IDENTIFIER | |
| control field | GE_BSU |
| 008 - FIXED-LENGTH DATA ELEMENTS--GENERAL INFORMATION | |
| fixed length control field | 181216s||||||||xx |||||||||||||| ||und|| |
| 040 ## - CATALOGING SOURCE | |
| Transcribing agency | GE_BSU |
| 100 ## - MAIN ENTRY--PERSONAL NAME | |
| Personal name | შანშიაშვილი,სანდრო |
| 245 ## - TITLE STATEMENT | |
| Title | რჩეული თხზულებანი 4 ტომად. ტ.4 |
| 245 ## - TITLE STATEMENT | |
| Remainder of title | ლეგენდები და პოემები |
| 653 ## - INDEX TERM--UNCONTROLLED | |
| Uncontrolled term | ლეგენდები და პოემები |
| 653 ## - INDEX TERM--UNCONTROLLED | |
| Uncontrolled term | რჩეული თხზულებანი |
| 942 ## - ADDED ENTRY ELEMENTS (KOHA) | |
| Koha item type | წიგნი |
არაა ხელმისაწვდომი ეგზემპლარები.
